000 00853nam a2200205Ia 4500
008 0000001992 pr a 0000000000spa00
090 _aPPR00 O13a
100 1 _aOchart, Ivonne
245 1 0 _aAngel Nevárez
_b: siluetas y memorias
_c/ ensayo Ivonne Ochart ; fotografías Angel Nevárez
300 _a[28] p.
_c/ 21 cm.
500 _aExposición realizada en Galeria Coabey, San Juan (Puerto Rico), Noviembre 10 Diciembre 5, 1992 \ Con el patronazgo del maestro venezolano Jesús Rafael Soto (q.e.p.d.)
600 0 0 _aNEVAREZ, ANGEL./
_xTRABAJOS PICTORICOS
650 1 4 _aARTE CONTEMPORANEO PUERTORRIQUEÑO
650 1 4 _xCATALOGOS
650 1 4 _xEXPOSICIONES
650 1 4 _aPINTORES PUERTORRIQUEÑOS
650 1 4 _aPINTURA PUERTORRIQUEÑA
700 1 _aNevárez, Angel
999 _c5478
_d5478
260 _aSan Juan (Puerto Rico) : Galería Coabey
_c1992